00397pab a2200133 454500008004000000100002300040245011100063260000900174300001400183362000800197650001500205700002500220773001800245180718b2002 xxu||||| |||| 00| 0 eng d aCoffey, William J. aAgglomeration and dispersion of high-order service employment in the Montreal metropolitan region, 1981-96 c2002 ap.359-78. aMar aEmployment aShearmur, Richard G. aUrban Studies